Blahoslavený biskup Vasiľ Hopko (1904-1976) zborník príspevkov z vedeckej konferencie

Bibliographic Details
Other Authors: Šturák, Peter, 1964-2025 (Compiler)
Format: Book
Language:Slovak
PhysicalDescription:79 s. fotogr. 21 cm
Published: Prešov Petra 2004
ISBN:8089007481 (brož.)
Edition:[1. vyd.]
Subjects:

MARC

LEADER 00000nam a2200000 a 4500
001 vtls008294618
003 SK-MaSNL
005 20260426011717.0
008 171129s2004 xo o f 100 0bslo
015 |a SNBA2005/11-04739 
020 |a 8089007481 (brož.) 
040 |a SNK  |b slo  |c SNK  |e AACR2 
043 |a e-xo--- 
072 7 |a 929  |x Biografie  |2 konspekt 
072 7 |a 271/279  |x Kresťanské cirkvi, sekty, denominácie  |2 konspekt 
080 |a 27-36  |2 MDT-MRF 
080 |a 272-528.8  |2 MDT-MRF 
080 |a (092)  |2 MDT-MRF 
080 |a (063)  |2 MDT-MRF 
080 |a 2-6  |2 MDT 
080 |a (437.6)  |2 MDT-MRF 
080 |a 929  |2 MDT-MRF 
245 0 0 |a Blahoslavený biskup Vasiľ Hopko (1904-1976)  |b zborník príspevkov z vedeckej konferencie  |c [zostavil Peter Šturák] 
250 |a [1. vyd.] 
260 |a Prešov  |b Petra  |c 2004 
300 |a 79 s.  |b fotogr.  |c 21 cm 
504 |a Bibliogr. odkazy 
600 1 7 |a Hopko, Vasiľ,  |c blahoslavený,  |d 1904-1976  |2 SNKPH  |9 26997 
610 2 7 |a Gréckokatolícka cirkev  |2 SNKKA  |9 32576 
648 7 |a 20. storočie  |2 SNK  |9 278343 
650 0 7 |a blahoslavení  |2 SNKPH  |9 114735 
650 0 7 |a náboženské pomery  |2 SNKPH  |9 3860 
651 7 |a Slovensko  |2 SNKPHgeo  |9 14231 
655 7 |a biografie  |2 SNKPH  |9 27965 
655 7 |a zborníky konferencií  |2 SNKPH  |9 70153 
700 1 |a Šturák, Peter,  |d 1964-2025  |4 com  |9 258382 
919 |a 80-89007-48-1 
958 |a OND 
968 |d 2 
999 |c 1077564  |d 1079494 
952 |a SNK  |b SNK  |y PREZ  |7 0  |p 17A0480922  |o snkSC 121015  |i snk2005/14385  |8 0  |0 0  |1 0  |4 0  |d 2005-08-16  |l 0  |r 2025-05-30 00:00:00  |w 2026-02-24 
952 |a SNK  |b SNK  |y VYP  |7 0  |p 17A0480898  |o snkSC 121015 D1  |i snk2005/14386  |8 0  |0 0  |1 0  |4 0  |d 2005-08-16  |l 0  |r 2026-02-24 16:15:22  |w 2026-02-24